00968nam a2200277 i 4500003000900000005001700009007000300026008004100029020001500070040003000085082000700115100002400122245010300146250001700249264002600266300002800292336002700320337003300347338002800380500007000408590002600478910001500504942001400519952014000533999001700673DO-SdBNP20240711150955.0ta240711b2005 sp ||||| |||| 00| 0 spa d a8441411328 aDO-SdBNPbspacBNPHUerda 42221 aOsho,eautor98606510aDía a Día :b365 meditaciones para el Aquí y el Ahora /cOsho ; traducción, Elías Sarhan a7a edición aMadrid :bEDAF,c2005 a377 páginas ;c24 cm. 2rdacontentatextobtxt 2rdamediaasin mediaciónbn 2rdacarrieravolumenbnc aIncluye datos biográficos del autor en la solapa de la cubierta aInventariado, 2024/BT aBtavárez 2ddccLBS1 00102ddc56708GRaBNPHUbBNPHUcCTd2024-07-11eDonado por Belgica Fernándezl0oBNPHU GRp2024-4360r2024-07-11w2024-07-11yLBS1 c57272d57272